LIBRARY & INFORMATION CENTRE, KCAET, TAVANUR

ONLINE PUBLIC ACCESS CATALOGUE (OPAC)

IBM PC and XT: User`s handbook / (Record no. 8993)

MARC details
000 -LEADER
fixed length control field 00394cam a2200157ua 4500
020 ## - INTERNATIONAL STANDARD BOOK NUMBER
ISBN 81-7029-063.5
041 ## - LANGUAGE CODE
Language code of text/sound track or separate title eng
082 ## - DEWEY DECIMAL CLASSIFICATION NUMBER
Classification number 028.71005
Item number WSI/IB
100 ## - MAIN ENTRY--AUTHOR NAME
Personal name WSI, Staff .
245 ## - TITLE STATEMENT
Title IBM PC and XT: User`s handbook /
260 ## - PUBLICATION, DISTRIBUTION, ETC. (IMPRINT)
Place of publication New Delhi :
Name of publisher B P B Publishers ,
Year of publication 1992.
300 ## - PHYSICAL DESCRIPTION
Number of Pages 544 ; .
942 ## - ADDED ENTRY ELEMENTS (KOHA)
Koha item type Books
Holdings
Withdrawn status Lost status Damaged status Home library Current library Date acquired Full call number Accession Number Koha item type
      KAUAET KAUAET 07/04/2012 028.71005 17827 Reference
free website counter